Mejora del proceso de tratamiento de aguas residuales residenciales en una planta de tratamiento de la Gran Área Metropolitana de Costa Rica
Guardado en:
| Hovedforfatter: | |
|---|---|
| Andre forfattere: | |
| Format: | Bog |
| Sprog: | Spanish |
| Udgivet: |
San José, Costa Rica
2021
|
| Fag: | |
| Tags: |
Tilføj Tag
Ingen Tags, Vær først til at tagge denne postø!
|
MARC
| LEADER | 00000nam a2200000Ia 4500 | ||
|---|---|---|---|
| 003 | 013353 | ||
| 005 | 20230327141126.0 | ||
| 008 | 140116s2021 cr a 000 ||spa d | ||
| 040 | |c cru CEDI | ||
| 100 | |a Madrigal Ruíz, María Jesús, 1996- |9 68 | ||
| 245 | |a Mejora del proceso de tratamiento de aguas residuales residenciales en una planta de tratamiento de la Gran Área Metropolitana de Costa Rica | ||
| 260 | |a San José, Costa Rica |c 2021 | ||
| 500 | |a Práctica dirigida de graduación (licenciatura en ingeniería química)--Universidad de Costa Rica. Facultad de Ingenie-ría. Escuela de Ingeniería Química | ||
| 501 | |a Director Práctica dirigida de graduación: M.Sc. Bernardo Hernán Mora Gómez | ||
| 650 | |x MEJORAMIENTO DE PROCESOS |x PURIFICACION DE AGUAS RESIDUALES |x PLANTAS PARA TRATAMIENTO DE AGUAS RESIDUALES - AREA METROPOLITANA DE SAN JOSE (COSTA RICA) |x AGUAS RESIDUALES | ||
| 700 | |9 69 |a Mora Gómez, Bernardo Hernán, 1965- |d Director del TFG | ||
| 942 | |c CEDI |h TFG 8504 |6 TFG_8504_000000000000000 | ||
| 999 | |c 21855 |d 21855 | ||
